| 000 | 00813nam a2200265 a 4500 | ||
|---|---|---|---|
| 008 | |||
| 020 | _a0750626615 (pbk.) | ||
| 049 | _aMAIN | ||
| 090 |
_aKD1641 _bRAM |
||
| 100 | 1 | _aRamus, Jack. | |
| 245 | 1 | 0 |
_aContract practice for surveyors / _cJack Ramus and Simon Birchall. |
| 250 | _a3rd ed. | ||
| 260 |
_aOxford : _bLaxton's, _c1996. |
||
| 300 |
_ax, 360 p. : _bill. ; _c24 cm. |
||
| 500 | _aIncludes index. | ||
| 504 | _aIncludes bibliographical references. | ||
| 650 | 0 |
_aConstruction contracts _zGreat Britain. |
|
| 650 | 0 |
_aQuantity surveyors _xLegal status, laws, etc. _zGreat Britain. |
|
| 700 | 1 | _aBirchall, Simon. | |
| 907 |
_a.b10001724 _b05-02-13 _c17-04-03 |
||
| 003 | |||
| 005 | 20230123133529.0 | ||
| 040 | _cNUST | ||
| 942 |
_cBOOKS _kKD1641 _mRAM |
||
| 999 |
_c150198 _d150198 |
||